Spoločenská zodpovednosť firiem a jej uplatnenie vo vybranom podniku služieb - aplikácia na Poštovú banku, a.s. bakalárska práca

Saved in:
Bibliographic Details
Main Author: Lengyelová, Natália
Corporate Author: Obchodná fakulta EU. Katedra služieb a cestovného ruchu - zrušené
Other Authors: Bažó, Ladislav, 1980-
Format: Book
Language:Slovak
Published: Bratislava 2009
Tags: Add Tag
No Tags, Be the first to tag this record!

MARC

LEADER 00000nam$a2200000$$$4500
001 0102725
005 20240318140322.0
041 0 |a slo 
044 |a SK 
245 1 0 |a Spoločenská zodpovednosť firiem a jej uplatnenie vo vybranom podniku služieb - aplikácia na Poštovú banku, a.s.  |b bakalárska práca  |c Natália Lengyelová ; škol. Ladislav Bažó 
264 1 |a Bratislava  |c 2009 
300 |a 60 s. 
100 1 |a Lengyelová, Natália 
700 1 |a Bažó, Ladislav, 1980- 
710 2 |a Obchodná fakulta EU. Katedra služieb a cestovného ruchu - zrušené